The Cambridge companion to Plato

Αποθηκεύτηκε σε:
Λεπτομέρειες βιβλιογραφικής εγγραφής
Άλλοι συγγραφείς: Kraut, Richard (Επιμελητής έκδοσης)
Μορφή: Βιβλίο
Γλώσσα:English
Δημοσίευση: Cambridge : Cambridge University Press, 1995
Θέματα:
Ετικέτες: Προσθήκη ετικέτας
Δεν υπάρχουν, Καταχωρήστε ετικέτα πρώτοι!

MARC

LEADER 00000nam a2200000 i 4500
001 1/9785
008 970320s1995 eng d
020 |a 0-521-43610-9 
035 |l 10017616 
040 |a GR-MY-UA  |b gre  |e aacr 
041 0 |a eng 
082 0 |a 184 
245 1 4 |a The Cambridge companion to Plato /  |c Edited by Richard Kraut 
260 |a Cambridge :   |b Cambridge University Press,   |c 1995 
300 |a 560 p. 
504 |a Includes bibliographical references and index 
600 0 0 |a Πλάτων,   |d 427-347. 
700 1 |a Kraut, Richard.  |4 edt 
852 |a INST  |b LESVOS  |e 19970320  |h 184 CAM  |p 005100011753  |q 005100011753  |t BK  |y 0 
909 |a Λ  |b 049628